书目信息 |
| 题名: |
通用机械设备安装工程概预算编制典型实例手册
|
|
| 作者: | 周国藩 主编 | |
| 分册: | ||
| 出版信息: | 北京 机械工业出版社 2001.08 |
|
| 页数: | 312页 | |
| 开本: | 26cm | |
| 丛书名: | ||
| 单 册: | ||
| 中图分类: | TU8-62 | |
| 科图分类: | ||
| 主题词: | 房屋建筑设备 | |
| 电子资源: | ||
| ISBN: | 7-111-08928-6 | |
| 000 | 00641nam0 2200193 45 | |
| 001 | 0262543218 | |
| 005 | 2002111817222300 | |
| 010 | @a7-111-08928-6@dRMB 32.00 | |
| 100 | @a20021118d2001 km y0chiy0120 ea | |
| 101 | 0 | @achi |
| 102 | @aCN@b110000 | |
| 200 | 1 | @a通用机械设备安装工程概预算编制典型实例手册@ATong Yong Ji Xie She Bei An Zhuang Gong Cheng Gai Yu Suan Bian Zhi Dian Xing Shi Li Shou Ce@f周国藩主编@Fzhou guo fan zhu bian |
| 210 | @a北京@c机械工业出版社@d2001.08 | |
| 215 | @a312页@d26cm | |
| 606 | 0 | @a房屋建筑设备 |
| 690 | @aTU8-62@v3 | |
| 701 | 0 | @a周国藩@Azhou guo fan@4主编 |
| 801 | 0 | @aCN@bPFT@c20021118 |
| 905 | @dTU8-62@eZ760 | |
| 通用机械设备安装工程概预算编制典型实例手册/周国藩主编.-北京:机械工业出版社,2001.08 |
| 312页;26cm |
| ISBN 7-111-08928-6:RMB 32.00 |
| ● |
| 相关链接 |
|
|
|
正题名:通用机械设备安装工程概预算编制典型实例手
索取号:TU8-62/Z760
 
预约/预借
| 序号 | 登录号 | 条形码 | 馆藏地/架位号 | 状态 | 备注 |
| 1 | 360615 | 203606151 | 建筑库201/201建筑库 49排4列2层/ [索取号:TU8-62/Z760] | 在馆 | |
| 2 | 360616 | 203606160 | 建筑库201/201建筑库 49排4列2层/ [索取号:TU8-62/Z760] | 在馆 | |
| 3 | 360617 | 203606179 | 建筑库201/201建筑库 49排4列2层/ [索取号:TU8-62/Z760] | 在馆 |